000 00470nam a2200181Ia 4500
001 10804
005 20260306161859.0
008 260306t1964||||xx |||||||||||||| ||spa||
041 _aESP
082 _a970
_bM81
100 _aMolinari, Diego Luis
_eAUT
245 0 _aDescubrimiento y conquista de América:
_bde Erik el Rojo a Hernán Cortés
260 _c1964
300 _a184 páginas :
_c22 cm.
650 _aGEN
654 _aCHU
942 _cLIB
_dJUS
_fJUS
_2ddc
_n
999 _c10804
_d10804